| 000 | 00736nam a2200253 a 4500 | ||
|---|---|---|---|
| 008 | |||
| 020 | _a0471283320 (hbk.) | ||
| 049 | _aMAIN | ||
| 090 |
_aHG4026 _bDAM |
||
| 100 | 1 | _aDamodaran, Aswath. | |
| 245 | 1 | 0 |
_aCorporate finance : _btheory and practice / _cAswath Damodaran |
| 250 | _a2nd ed. | ||
| 260 |
_aNew York : _bWiley, _c2001. |
||
| 300 |
_axxvi, 982 p. : _bcol. ill. ; _c26 cm. |
||
| 440 | 0 | _aWiley series in finance. | |
| 504 | _aIncludes bibliographical references. | ||
| 500 | _aIncludes index. | ||
| 650 | 0 |
_aCorporations _xFinance. |
|
| 907 |
_a.b10218919 _b26-11-13 _c06-11-06 |
||
| 003 | |||
| 005 | 20230123134301.0 | ||
| 040 | _cNUST | ||
| 942 |
_cBOOKS _kHG4026 _mDAM |
||
| 999 |
_c163212 _d163212 |
||